<?xml version="1.0" encoding="UTF-8"?><?xml-stylesheet type="text/xsl" href="static/style.xsl"?><OAI-PMH xmlns="http://www.openarchives.org/OAI/2.0/" xmlns:xsi="http://www.w3.org/2001/XMLSchema-instance" xsi:schemaLocation="http://www.openarchives.org/OAI/2.0/ http://www.openarchives.org/OAI/2.0/OAI-PMH.xsd"><responseDate>2026-04-27T16:51:58Z</responseDate><request verb="GetRecord" identifier="oai:riubu.ubu.es:10259/4544" metadataPrefix="marc">https://riubu.ubu.es/oai/request</request><GetRecord><record><header><identifier>oai:riubu.ubu.es:10259/4544</identifier><datestamp>2022-04-26T11:42:11Z</datestamp><setSpec>com_10259_2699</setSpec><setSpec>col_10259_2703</setSpec></header><metadata><record xmlns="http://www.loc.gov/MARC21/slim" xmlns:doc="http://www.lyncode.com/xoai" xmlns:xsi="http://www.w3.org/2001/XMLSchema-instance" xmlns:dcterms="http://purl.org/dc/terms/" xsi:schemaLocation="http://www.loc.gov/MARC21/slim http://www.loc.gov/standards/marcxml/schema/MARC21slim.xsd">
<leader>00925njm 22002777a 4500</leader>
<datafield tag="042" ind1=" " ind2=" ">
<subfield code="a">dc</subfield>
</datafield>
<datafield tag="720" ind1=" " ind2=" ">
<subfield code="a">Villarroel Guerra, Mauricio Armando</subfield>
<subfield code="e">author</subfield>
</datafield>
<datafield tag="260" ind1=" " ind2=" ">
<subfield code="c">2015</subfield>
</datafield>
<datafield tag="520" ind1=" " ind2=" ">
<subfield code="a">La investigación está centrada en el análisis  de la Intencionalidad (motivación  por enseñar y motivación por aprender) en la actividad educativa de profesores y  alumnos en contextos Universitarios chilenos. La intencionalidad  constituye unos de los principios del Modelo Instruccional de la Situación Educativa formulado por Rivas (1993, 1997, 2003) y se concreta   en tres indicadores instruccionales: cambio de estado del aprendiz, significación personal y expectativas y conocimientos previos. Los objetivos propuestos son: Determinar la percepción de intencionalidad de la situación educativa en el profesorado y alumnado. Determinar si existen diferencias en la percepción de intencionalidad entre ellosy la relación con el rendimiento académico. Determinar si existen diferencias en la percepción de la intencionalidad en los alumnos en función del género, edad y asignatura. Se utiliza el cuestionario MISE-R correspondiente al principio de intencionalidad de profesores y alumnos (se ha realizado una versión chilena con obtención de todas las características psicométricas requeridas) y la  evaluación autopercibida de diversas asignaturas. La muestra a nivel universitario está  compuesta por 719 estudiantes y 25 profesores de la Universidad de Playa Ancha, Valparaiso.</subfield>
</datafield>
<datafield tag="024" ind2=" " ind1="8">
<subfield code="a">http://hdl.handle.net/10259/4544</subfield>
</datafield>
<datafield tag="024" ind2=" " ind1="8">
<subfield code="a">10.36443/10259/4544</subfield>
</datafield>
<datafield ind1=" " ind2=" " tag="653">
<subfield code="a">Enseñanza</subfield>
</datafield>
<datafield ind1=" " ind2=" " tag="653">
<subfield code="a">Aprendizaje</subfield>
</datafield>
<datafield ind1=" " ind2=" " tag="653">
<subfield code="a">Universidades chilenas</subfield>
</datafield>
<datafield ind1=" " ind2=" " tag="653">
<subfield code="a">Evaluación de la calidad</subfield>
</datafield>
<datafield ind1=" " ind2=" " tag="653">
<subfield code="a">Rendimiento</subfield>
</datafield>
<datafield ind1=" " ind2=" " tag="653">
<subfield code="a">Teaching</subfield>
</datafield>
<datafield ind1=" " ind2=" " tag="653">
<subfield code="a">Learning</subfield>
</datafield>
<datafield ind1=" " ind2=" " tag="653">
<subfield code="a">Chilean universities</subfield>
</datafield>
<datafield ind1=" " ind2=" " tag="653">
<subfield code="a">Evaluation of the quality</subfield>
</datafield>
<datafield ind1=" " ind2=" " tag="653">
<subfield code="a">Performance</subfield>
</datafield>
<datafield tag="245" ind1="0" ind2="0">
<subfield code="a">La intencionalidad instruccional en profesores y alumnos y su incidencia en el rendimiento académico en contextos universitarios chilenos</subfield>
</datafield>
</record></metadata></record></GetRecord></OAI-PMH>